000 00781cam a22002654a 4500
001 1105
005 20230831095159.0
020 _a9780439680677
040 _aDLC
_cDLC
_dDLC
_beng
050 0 0 _aPZ7.M47396
082 _aFic
100 1 _aMazer, Anne
245 1 0 _aThats the way the cookie crumbles /
_cAbby Mazer.
260 _aNew York :
_bScholastic Inc.,
_c2005.
300 _a119 pages ;
_c20 cm
_billustrations
490 0 _aApple series
490 1 _aAmazing days of Abby Hayes ;
_vBook 16
505 _aN
520 _aAbby Hayes breaks her school's rules by having a bake sale.
521 _a570
_bLexile
521 _aN
_bRaz-Plus
655 7 _aChildren's stories.
_2lcsh
906 _a7
_bcbc
_corignew
_d2
_encip
_f20
_gy-gencatlg
942 _2ddc
_cBK
_n0
999 _c1105
_d1105